Dilthey (Record no. 110682)

MARC details
000 -LEADER
campo de control de longitud fija 00866nam a2200253 i 4500
001 - NÚMERO DE CONTROL
campo de control 110682
003 - IDENTIFICADOR DE NÚMERO DE CONTROL
campo de control ES-MaACL
005 - FECHA Y HORA DE LA ÚLTIMA TRANSACCIÓN
campo de control 20231220062907.0
007 - CAMPO FIJO DE DESCRIPCIÓN FÍSICA--INFORMACIÓN GENERAL
campo de control de longitud fija t|
008 - DATOS DE LONGITUD FIJA--INFORMACIÓN GENERAL
campo de control de longitud fija 070119s1988 sp ||||1| spa d
020 ## - NÚMERO INTERNACIONAL ESTÁNDAR DEL LIBRO
Número Internacional Estándar del Libro 84-7046-460-4
080 ## - NÚMERO DE LA CLASIFICACIÓN DECIMAL UNIVERSAL
Número de la Clasificación Decimal Universal 1 Dilthey, Wilhelm
100 1# - ENTRADA PRINCIPAL--NOMBRE DE PERSONA
Nombre de persona Gabilondo, Ángel,
Fechas asociadas al nombre 1949-
9 (RLIN) 138768
245 10 - MENCIÓN DEL TÍTULO
Título Dilthey
Resto del título : vida, expresión e historia /
Mención de responsabilidad, etc. Angel Gabilondo Pujol ; prólogo de Juan Manuel Navarro Cordón.
260 ## - PUBLICACIÓN, DISTRIBUCIÓN, ETC.
Lugar de publicación, distribución, etc. Madrid :
Nombre del editor, distribuidor, etc. Cincel,
Fecha de publicación, distribución, etc. 1988.
300 ## - DESCRIPCIÓN FÍSICA
Extensión 218 p. :
Otras características físicas il. ;
Dimensiones 19 cm.
490 1# - MENCIÓN DE SERIE
Mención de serie Historia de la filosofía ;
Designación de volumen o secuencia 41
504 ## - NOTA DE BIBLIOGRAFÍA, ETC.
Nota de bibliografía, etc. Bibliografía: p. 215-218.
600 14 - PUNTO DE ACCESO ADICIONAL DE MATERIA--NOMBRE DE PERSONA
Nombre de persona Dilthey, Wilhelm-
Subdivisión general Crítica e interpretación.
9 (RLIN) 44819
700 1# - ENTRADA AGREGADA--NOMBRE PERSONAL
Nombre de persona Navarro Cordón, Juan Manuel.
9 (RLIN) 85111
830 1# - PUNTO DE ACCESO ADICIONAL DE SERIE-TÍTULO UNIFORME
Título uniforme Historia de la filosofía ;
Designación de volumen o secuencia 41
9 (RLIN) 181726
852 4# - LOCALIZACIÓN
Ubicación ES-MaACL
Número de control de estantería L-15608
Holdings
Estatus retirado Estado de pérdida Estado de daño No para préstamo Biblioteca de origen Biblioteca actual Ubicación en estantería Fecha de adquisición Fuente de adquisición Total de préstamos Signatura topográfica completa Código de barras Visto por última vez Precio de reemplazo Tipo de ítem Koha
        Biblioteca del Ateneo de Madrid Biblioteca del Ateneo de Madrid Depósito 2 17/01/2008     L-15608 1115477 23/02/2023 23/02/2023 Libro impreso